Normal view
MARC view
- ROWLING.J.K
Entry Personal Name
001 - CONTROL NUMBER
- control field: 4122
003 - CONTROL NUMBER IDENTIFIER
- control field: OSt
005 - DATE AND TIME OF LATEST TRANSACTION
- control field: 20170922100256.0
008 - FIXED-LENGTH DATA ELEMENTS
- fixed length control field: 170922|| aca||aabn | a|a d
040 ## - CATALOGING SOURCE
- Original cataloging agency: OSt
100 ## - HEADING--PERSONAL NAME
- Personal name: ROWLING.J.K